000 00676nam a2200229Ia 4500
005 20241129105745.0
008 241129s9999||||xx |||||||||||||| ||und||
020 _a978-0-367-53738-8
037 _aTB
040 _aARTS
_beng
_cARTS
041 _aeng
_2eng
084 _aS1:86 R1
_qARTS
100 _aBradbury Cathy Laver [et..al] Ed.
_9724610
245 0 _aChild and adolescent mental health: theory and practice
_cBradbury Cathy Laver [et..al] Ed.
250 _a3rd
260 _aNew York, USA
_bRoutledge
_c2022
300 _axx,685p.
365 _aUKP
_b44.99
650 _aPsychology-Child
_9427713
942 _cTB
_hS1:86 R1
999 _c1225795
_d1225795